000 00494nam a2200193Ia 4500
001 64142
008 150204s9999 xx 000 0 und d
020 _a9780754824152
040 _cPK-LaUMT
082 _a 292.13
_bJON-A
100 _aJones, David M.
245 _aAmerican Indian mythology
_cJones, David M.|Molyneaux, Brian L.
260 _aLondon,UK:
_bLorenz Books,
_c2011
300 _a256 p.
546 _aEN
650 _aMythology
700 _aMolyneaux, Brian L.
942 _cBK
999 _c65294
_d65294